Guess the Asian City by Photo #1 - Statistics

General Stats
  • This quiz has been taken 58 times
  • The average score is 8 of 12
Answer Stats
Picture Answer % Correct
Dubai
98%
Mecca
89%
Kuala Lumpur
84%
Singapore
84%
Pyongyang
73%
Agra
71%
Lhasa
69%
Riyadh
58%
Tashkent
53%
Kathmandu
47%
Colombo
31%
Ulaanbataar
18%
No matching quizzes found
Score Distribution
Percent of People with Each Score
Percentile by Number Answered
Your Score History
You have not taken this quiz